লোডিং...
Botany a functional approach
| প্রধান লেখক: | |
|---|---|
| বিন্যাস: | Printed Book |
| ভাষা: | Undetermined English |
| প্রকাশিত: |
New York
Macmillan Company
1974
|
| বিষয়গুলি: |
| LEADER | 00570nam a2200181Ia 4500 | ||
|---|---|---|---|
| 008 | 140306s9999 xx 000 0 und d | ||
| 041 | |a eng | ||
| 082 | |a 580 |b MUL/BO | ||
| 100 | |a Muller, W H | ||
| 245 | |a Botany a functional approach | ||
| 260 | |a New York |b Macmillan Company |c 1974 | ||
| 300 | |a 687 | ||
| 365 | |b Rs .15.95 | ||
| 650 | |a cell structure | ||
| 650 | |a Plant science | ||
| 942 | |2 ddc |c BK | ||
| 999 | |c 117269 |d 117269 | ||
| 952 | |0 0 |1 0 |2 ddc |4 0 |6 580_000000000000000_MULBO |7 0 |9 116140 |a KAUHCV |b KAUHCV |d 2002-04-28 |g 15.95 |o 580 MUL/BO |p KAU_HCV-12589 |r 2014-03-22 |w 2014-03-22 |y BK | ||